[Event "Dyfed Open"]
[Site "Fishguard"]
[Date "2017.02.24"]
[Round "1"]
[White "Strugnell, Carl"]
[Black "Dixon, Chris"]
[Result "1-0"]
[WhiteElo "2255"]
[BlackElo "1817"]
[Annotator "Rudy"]
[PlyCount "110"]
[EventDate "2017.02.24"]
[EventType "swiss"]
[EventRounds "5"]
[EventCountry "WLS"]

1. e4 d6 2. d4 Nf6 3. Bd3 g6 4. Nf3 Bg7 5. c3 O-O 6. O-O Bg4 (6... Nc6 {main,
aims for early e5}) 7. Nbd2 Nc6 (7... e5) 8. h3 Bxf3 9. Nxf3 e5 10. Re1 a6 (
10... Nd7 {more frequent} 11. Be3 h6 12. Qb3 a5 13. Qxb7 exd4 14. Qxc6 dxe3 15.
Rxe3 {Wademark-Jansson, Swedish Senior Ch 2016,1-0}) 11. a4 (11. Bc2 h6 12. Be3
Re8 13. d5 Ne7 14. Qd2 Kh7 15. Nh2 Qd7 16. Rad1 $14 {Rabiega-Rolle, Berlin
Lichtenberger 2006,1-0}) 11... Nh5 12. Bf1 Qe7 13. a5 {gaining Q side space}
Kh8 14. d5 Nd8 (14... Nb8 $5) 15. c4 $16 Qe8 (15... f5 16. exf5 gxf5 17. Ra3
$16 {Komodo10; but Bl needs to do something on the K side to offset Wh's Q
side play}) 16. b4 f5 17. c5 (17. exf5 gxf5 18. Nh4 Qf7 19. Rb1 $16 {Komodo10})
17... f4 18. Ba3 Nf7 19. Rc1 Qe7 (19... Qb8 20. Bb2 Nf6 {[%eval 1001,0]
Komodo10 &}) 20. c6 $16 Rfb8 21. cxb7 Rxb7 22. Bc4 (22. Bd3 {Komodo10 & 10.1,
keeps c6 available for a R}) 22... Bf6 (22... Nf6) 23. Qd3 Rba7 24. Rc2 Ng7 25.
Bc1 g5 26. Nh2 $18 h5 27. Bd2 Nd8 28. Rec1 Ne8 29. Qf3 Qf7 30. b5 (30. Be2 Ng7
31. Bd3 Ne8 32. Qe2 $18) 30... axb5 31. Bxb5 Ng7 32. a6 Rb8 33. Be2 Qd7 34. Ba5
(34. Be3 {Komodo10} fxe3 35. Qxf6 exf2+ 36. Qxf2 Rba8 37. Qf6 Kg8 38. Bxh5 Nxh5
39. Qxg5+ Qg7 (39... Ng7 40. Ng4 $18) 40. Qxh5 $18 {Komodo10}) 34... Qa4 35.
Qc3 (35. Rxc7 Rxc7 36. Bxc7 Rc8 37. Nf1 Kg8 38. Rc3 Qd4 39. Ba5 $18 {Komodo10})
35... Rb3 (35... Qxe4 36. Bxc7) 36. Qc4 Qa3 37. Rc3 (37. Bxc7) 37... Rxc3 38.
Qxc3 Qa4 39. f3 Ne8 40. Rb1 Qa2 41. Rb2 Qa1+ 42. Nf1 Kg7 (42... g4 $5) 43. Bb5
Kf7 44. Qd2 Qa3 45. Bb4 Qa1 46. Kh2 h4 (46... Rxa6 $5) 47. Qc2 Ng7 48. Nd2 Qe1
49. Nc4 Qg3+ 50. Kg1 g4 51. fxg4 f3 52. Rb3 (52. Qf2) 52... f2+ 53. Kf1 Qf4 54.
Rf3 Qg5 55. Qxf2 Kg6 {Wh has a choice} (55... Kg6 56. Qxa7 {or} (56. Bd2)) 1-0

[Event "Dyfed Open"]
[Site "Fishguard"]
[Date "2017.02.24"]
[Round "1"]
[White "Haigh, Tony"]
[Black "Kett, Tim"]
[Result "1/2-1/2"]
[WhiteElo "1816"]
[BlackElo "2193"]
[Annotator "Rudy"]
[PlyCount "112"]
[EventDate "2017.02.24"]
[EventType "swiss"]
[EventRounds "5"]
[EventCountry "WLS"]

1. d4 Nf6 2. Bg5 g6 (2... Ne4 {main}) 3. Bxf6 exf6 4. c4 Bg7 5. e3 d5 6. Nc3
dxc4 7. Bxc4 O-O 8. Nge2 f5 (8... c5 {main}) 9. O-O c6 10. a4 $146 (10. Nf4 {
main}) 10... a5 11. Qb3 Nd7 12. Qa3 Re8 13. Rfd1 Qe7 (13... Nb6 14. Bb3 Bf8 15.
Qa2 Qc7 16. g3 $11 {Komodo10}) 14. Qxe7 Rxe7 15. Rd2 Nb6 16. Bb3 (16. Ba2 $5)
16... Be6 17. Bxe6 fxe6 $15 18. b3 e5 {opens a file for Wh to use} (18... Rd8
19. Kf1 e5 $15 {Komodo10}) 19. dxe5 Bxe5 $11 20. Rad1 Rf8 21. g3 Rff7 22. Nd4
Rd7 23. Nce2 Rd6 24. Nf3 Rxd2 25. Rxd2 Bf6 (25... Rd7) 26. Ned4 (26. Nf4) 26...
Rd7 27. Kf1 (27. Ne6 Be7 28. Kf1 (28. Rxd7 Nxd7 29. Nd2 Bb4 30. Nc4 b5 31. Nb2
Be7 32. Nd4 Bf6 $15) 28... Kf7) 27... Rd5 (27... Kf7) 28. Ne6 Kf7 29. Rxd5 Nxd5
30. Neg5+ Kg8 31. Ne6 $11 h6 32. Ned4 (32. Nc5 b5 33. Nb7 bxa4 34. bxa4 Nb6 35.
Nxa5 c5 36. Ke2 Nxa4 $11 {Komodo10}) 32... Kf7 33. h4 h5 34. Ke2 (34. Nd2)
34... Nc3+ 35. Kd3 Ne4 36. Ke2 Ke7 37. Nd2 Nc5 38. Kd1 (38. Kf3 $11) 38... Bxd4
(38... Ne6 39. Ne2 $11 (39. Nxe6 Kxe6 40. Nc4 Bd8 41. Kd2 $11)) 39. exd4 Ne6
40. Nf3 (40. Kc2 {Komodo10} b5 (40... Nxd4+ 41. Kc3 Ne6 42. Nc4 Nc5 43. Nxa5
$11) 41. Kd3 $11) 40... Kd6 $15 (40... f4 $17 {Komodo10}) 41. Kd2 Kd5 42. Kd3
b5 (42... f4 $1 $17 {Komodo10} 43. Ne5 Nc5+ 44. Kc2 fxg3 45. fxg3 Kxd4 46. Nxg6
Ne4 47. Nf4 Nxg3 $17) 43. Ne5 (43. b4 bxa4 44. bxa5 $11 {Komodo10}) 43... g5
44. hxg5 Nxg5 45. Ng6 Ne4 46. Ne7+ Ke6 47. Nxc6 bxa4 48. bxa4 Nxf2+ 49. Ke3 Ne4
50. Kf4 (50. Nxa5 Nxg3 51. Nc6 h4 $11) 50... Nc3 51. Nxa5 Nxa4 52. Nc4 (52. Kg5
) 52... Nc3 53. Ne3 Ne2+ 54. Kg5 Nxg3 55. Nxf5 Nxf5 56. Kxh5 Nxd4 1/2-1/2

[Event "Dyfed Open"]
[Site "Fishguard"]
[Date "2017.02.24"]
[Round "1"]
[White "Jones, Iolo C"]
[Black "Eustis, Ian"]
[Result "1-0"]
[WhiteElo "2181"]
[BlackElo "1794"]
[Annotator "Rudy"]
[PlyCount "87"]
[EventDate "2017.02.24"]
[EventType "swiss"]
[EventRounds "5"]
[EventCountry "WLS"]

1. d4 d5 2. Nf3 Nf6 3. c4 c6 4. e3 (4. Nc3 {main}) 4... Bf5 (4... e6 {safer})
5. Qb3 Qc7 (5... Qb6 {main}) 6. Nc3 e6 7. Bd2 Nbd7 8. Rc1 Qb6 9. c5 (9. Nh4) (
9. Qxb6 {more frequent}) 9... Qxb3 10. axb3 h6 11. b4 Be7 {slightly preferred
by Komodo10} (11... a6 {has been played more} 12. Ra1 Rb8 13. h3 {
Asmaiparashvili-Belov, m blitz, playchess.com 2007,1-0}) 12. b5 (12. Be2 O-O
13. O-O a6 14. Na4 Ne4 {seidel-Nagel, Leipzig, VfB 2003,0-1}) 12... O-O $11 13.
b4 Ne4 (13... a6 14. bxc6 bxc6 15. Ra1 Rfb8 16. Ra4 Bc2 17. Ra2 Bg6 18. Ra4 Bc2
$11 {Komodo10}) 14. Nxe4 Bxe4 15. Be2 (15. bxc6 bxc6 16. Ba6 Rab8 17. Ke2 $16 {
Komodo10}) 15... Rfb8 (15... cxb5 16. Bxb5 Nb8 17. Ra1 a6 18. Be2 Nc6 $11 {
Komodo10}) 16. O-O Rc8 (16... cxb5 17. Bxb5 Rd8 18. Be2 a6 19. Ra1 Bf6 20. Ra3
e5 $14 {Komodo10}) 17. bxc6 Rxc6 18. Ra1 Rcc8 19. b5 $16 b6 20. c6 Nb8 21. Rfc1
Rc7 (21... a5 22. Ne5 Bd6 23. f3 Bf5 $16) 22. Ne5 $18 f6 23. Nd3 Bxd3 24. Bxd3
Bd6 25. e4 {Bl's problem is neither the N nor QR can get out; so Wh opens up
in the middle} a6 26. exd5 exd5 27. Bf5 (27. Re1) 27... Kf7 28. Re1 Re7 (28...
Raa7 29. Be6+ Kf8 30. Bxd5 axb5 31. Rxa7 Rxa7 32. g3 Na6 33. Ra1 $18 {Komodo10}
) 29. Rxe7+ Kxe7 30. Bg4 Ra7 31. Bf3 Rc7 32. bxa6 (32. Re1+ Kf8 33. Re6 Ba3 34.
Bf4 Rc8 35. c7 Nd7 36. bxa6 $18 {Komodo10}) 32... Nxc6 (32... Ra7 33. Bxd5 Rxa6
34. Rc1 Kd8 35. Bb4 $18 {Komodo10}) 33. Bxd5 Na7 34. Rb1 b5 35. Kf1 (35. Ba5
Rc2 36. Re1+ Kf8 37. g3) 35... Rd7 36. Bb7 Kd8 37. d5 Kc7 38. Ba5+ (38. Rc1+
Kb8 39. Ke2) 38... Kb8 39. Bc6 Re7 40. Bd8 Re4 41. Bxb5 Nxb5 42. Rxb5+ Ka7 43.
Rb7+ Kxa6 44. Rb6+ 1-0

[Event "Dyfed Open"]
[Site "Fishguard"]
[Date "2017.02.24"]
[Round "1"]
[White "Whale, Michael"]
[Black "May, Frank"]
[Result "0-1"]
[WhiteElo "1788"]
[BlackElo "2103"]
[Annotator "Rudy"]
[PlyCount "182"]
[EventDate "2017.02.24"]
[EventType "swiss"]
[EventRounds "5"]
[EventCountry "WLS"]

1. e4 Nf6 2. e5 Nd5 3. d4 d6 4. exd6 exd6 (4... cxd6) 5. Nf3 Be7 6. Be2 O-O 7.
Bd2 $146 {rather passive} (7. O-O) 7... Bf6 8. O-O Nc6 9. c3 (9. c4 Nb6 10. Bc3
d5 11. c5 Nd7 $11 {Komodo10}) 9... Bf5 10. Na3 Re8 11. Nc4 Bg6 12. Re1 h6 13.
Qb3 Rb8 14. Qb5 (14. Ne3 $11) 14... Be4 15. Bd1 (15. Bf1 a6 16. Qb3 Bxf3 17.
Rxe8+ Qxe8 18. gxf3 Qd7 19. Ne3 Nf4 20. Ng4 Bg5 21. Re1 Ng2 22. Bxg2 Bxd2 23.
Re2 Bf4 24. Qc2 Ne7 25. Bh3 Qd8 $15 {Komodo10}) 15... a6 16. Qb3 Qd7 (16... b5
$1 $17 {Komodo10} 17. Nce5 (17. Ne3 Na5 18. Qa3 Nxe3 19. Bxe3 Nc4 20. Qb3 a5
21. a4 Bd5 22. Qc2 bxa4 23. Qxa4 Rxb2 $19) 17... Na5 18. Qa3 dxe5 19. Qxa5 exd4
20. cxd4 Qd6 $15 {Komodo10}) 17. Ne3 Nxe3 18. Bxe3 d5 $11 (18... Qg4 19. h3 Qg6
$11) 19. Be2 Na5 20. Qd1 Nc4 21. Bxc4 dxc4 $15 22. Nd2 Bd5 {[%eval 0,0] a bit
like a Marshall gambit but without the pawn sac- l has 2 good Bs,Wh a possibly
bad B} 23. b4 Qf5 (23... Re6 $17) 24. Nf1 c6 25. Ng3 Qg6 26. Qb1 Re6 27. Qf5 (
27. Qxg6 fxg6 28. Bf4 Rbe8 29. Rxe6 Rxe6 30. Nf1 Re2 $15) 27... Rbe8 28. Qxg6
fxg6 29. Kf1 (29. Bd2 Rxe1+ 30. Rxe1 Ra8 $15) 29... g5 30. Bd2 g6 31. Rxe6 Rxe6
32. Re1 Kf7 (32... Rxe1+ 33. Bxe1 g4 34. Bd2 h5 $17 {Komodo10}) 33. f3 $11 Be7
34. Ne4 (34. Rxe6 Kxe6 35. Ne4 $11) 34... b6 35. h4 {opens the position up for
the Bs} (35. h3 $11) 35... gxh4 $17 36. Bxh6 Ke8 (36... Bxe4 37. fxe4 g5 $19 {
trapping the B; Komodo10}) 37. Bg7 $11 (37. Ng5 Rxe1+ 38. Kxe1 c5 39. bxc5 bxc5
40. dxc5 Bxc5 41. Ke2 Kd7 42. Nh3 Be7 43. Bg5 Bxg5 44. Nxg5 $11 {Komodo10})
37... Kf7 38. Be5 g5 39. Kg1 Kg6 40. Nf2 (40. Kh2) 40... Bd8 41. Ng4 Re7 42.
Kf2 Ra7 43. Bb8 Re7 44. Bd6 Rxe1 45. Kxe1 $11 Kf5 46. Kf2 Ke6 47. Be5 a5 48. a3
$11 (48. bxa5 bxa5 49. Ke3 a4 50. Ke2 Ba5 51. Kd2 h3 52. gxh3 Bxf3 53. Ne3 $11
{Komodo10}) 48... a4 49. Ne3 (49. Ke2) 49... c5 $15 50. Nc2 (50. b5 Be7 51. Ke2
cxd4 52. Bxd4 Bxa3 53. Bxb6 g4 54. Nxg4 Bb2 55. Kd2 a3 56. Kc2 h3 57. gxh3 Bxf3
58. Kb1 Bxc3 $17 {Komodo10}) 50... cxd4 (50... cxb4 51. Nxb4 (51. cxb4 g4 $19
52. Ne3 gxf3 53. gxf3 c3 54. Ke2 Bb3 55. Ng4 c2 56. Kd2 Bg5+ 57. f4 Be7 58. Nf2
Kd5 $19) 51... Be7 52. Bc7 b5 53. Bb6 Bxb4 54. cxb4 c3 55. Bd8 Kf5 56. Ke3 Bc4
57. Be7 c2 58. Kd2 Bf1 59. d5 Bxg2 60. d6 Ke6 61. Bxg5 h3 62. Bf4 Bxf3 63. Kxc2
Bc6 64. Kd3 Kd5 65. Bg3 Bd7 66. Bf4 Bg4 67. Bg3 Bf5+ 68. Kc3 Ke4 69. Bh2 Bd7 {
clear advantage to Bl, Komodo10, but can he win this? Nudging Komodo10 forward}
70. Kc2 Kf3 71. Kd3 Kg2 72. Be5 h2 73. Bxh2 Kxh2 74. Ke4 Kg3 75. Ke5 Kf3 76.
Kf6 Ke4 77. Ke7 Bc6 78. d7 Bxd7 79. Kxd7 Kd5 80. Kc7 Kc4 81. Kc6 Kb3 82. Kxb5
Kxa3 83. Kc4 Kb2 84. b5 a3 85. b6 a2 86. b7 a1=Q 87. b8=Q+ $11 {the answer is
no}) 51. Bxd4 Bc6 52. Ne3 b5 53. Nf1 {(draw?)} Bc7 $17 54. Ne3 Bf4 55. Nc2 Be8
56. Ne3 Bg6 57. Ke2 Bd3+ 58. Kf2 Bg3+ 59. Kg1 Be1 60. Nd1 Be2 (60... Bg3 61.
Be3 Kf5 62. Bd2 Be5 63. Ne3+ Ke6 64. Ng4 Bg3 $17 {there seems no clear way in,
but Wh is constantly on the defensive}) 61. Nf2 (61. Bf2 Bd2 62. Be3 g4 (62...
Bxd1 63. Bxd2 g4 {transposes}) 63. Bxd2 Bxd1 64. f4 g3 65. Kf1 Kf5 66. Be3 Ke4
67. Bd4 Kd3 {and Bl gets in to the K side}) 61... Bd2 $19 {Komodo10 , at last
goes positively for Bl} 62. Ne4 Bc1 63. Kf2 Bd1 (63... Bd3 {Komodo10}) 64. Nc5+
(64. Bc5 Bxa3 65. Ke1 (65. Nxg5+ Kd5 66. Ne4 Bb2) 65... Bb3 66. Nd6 Bb2 67.
Nxb5 a3 68. Nxa3 Bxa3 69. Kd2 Kf5 70. Bf2 Ba4 71. Be3 g4 $19 {Komodo10}) 64...
Kf5 65. Ne4 Bxa3 66. Nd6+ Ke6 (66... Kg6) 67. Nxb5 Bb2 68. Be3 a3 (68... Kf6
69. Bd4+ Kg6 $19 {is clearer}) 69. Nxa3 Bxa3 70. Bd4 (70. Bxg5 Bb2 71. Bd2 Kd5
72. Ke3 Ba4 73. Ke2 Bc2 74. Ke3 Bf5 75. Kf4 h3 76. gxh3 Bxh3 77. Kg5 Bd7 78.
Kf6 $17 {Bl still has trouble winning; as long as the f pawn stays at f3,
there is no way in for the K}) 70... Bc1 71. Bh8 Bf4 72. Bd4 Ba4 (72... Be5 73.
Be3 Kf5 74. b5 Ba4 75. b6 Bc6 76. Bd2 Bf4 {forces off Bs; Komodo10}) 73. Ke2
Kf5 74. Kf2 Bg3+ 75. Ke3 Bc6 76. Ke2 g4 $19 (76... Be5 $19 {looks simplest})
77. fxg4+ Kxg4 78. Kf1 Be4 79. Bg7 Kf5 80. Bd4 Bc6 (80... Be5 81. Bf2 Kg4 82.
Be1 Bg3 83. Bd2 Bf4 84. Be1 Be3 85. Ke2 Bb6 {zugzwang} 86. Kf1 (86. b5 Bxg2)
86... Bd3#) 81. Bg7 Ke4 (81... Be5 $19 {simplest, however both sides living on
increments}) 82. Bh8 Kd3 83. Bd4 Bd7 84. Bh8 Bg4 85. Bd4 Be2+ 86. Kg1 Bg4 87.
b5 (87. Kf1 h3 88. gxh3 (88. Kg1 Be1) 88... Bxh3+ 89. Kg1 Be1) 87... Bd7 88. b6
Bc6 89. Bf6 Be1 90. Kh2 Bf2 91. Bd4 (91. Kh3 Bd7+ 92. Kh2 Bc8 93. Kh1 Bb7 94.
Kh2 Be1 95. Kh3 Bc8+ 96. Kh2 Bxc3 97. Bxh4 Be5+ 98. Kg1 c3 99. Be7 Bd4+ 100.
Kh2 Bxb6 101. Ba3 c2 102. g4 Be3 {and Bl should win with the 2 Bs though it
will be quicker to hunt down the B on a3} 103. Kg3 Kc4 104. Kf3 Bg5 105. Ke4
Kb3 106. Kd3 Bxg4 $19) 91... Bxd4 0-1

[Event "Dyfed Open"]
[Site "Fishguard"]
[Date "2017.02.24"]
[Round "1"]
[White "Powell, Lloyd"]
[Black "Bridges, Paul"]
[Result "1/2-1/2"]
[WhiteElo "2088"]
[BlackElo "1781"]
[Annotator "Rudy"]
[PlyCount "62"]
[EventDate "2017.02.24"]
[EventType "swiss"]
[EventRounds "5"]
[EventCountry "WLS"]

1. d4 d5 2. c4 e6 3. Nf3 c6 4. g3 f5 5. Bg2 Nf6 6. O-O Bd6 7. b3 Qe7 8. Bb2 (8.
a4 a5 9. Ba3 {if determined to swap off the B}) 8... O-O 9. Nbd2 Nbd7 (9... b6
{to fiancetto & plan for c5 , has become popular among the GMs}) (9... Bd7 {
[%eval 0,0] starts sending the  towardsh5}) 10. Ne5 Ne4 11. e3 (11. Ndf3 {is a
plan aimed to get in e4 eventually} Ndf6 12. Nd3 Bd7 13. Nfe5 Be8 14. f3 Ng5
15. Qd2 Nf7) 11... Nxd2 (11... Nxe5) 12. Qxd2 Nxe5 13. dxe5 Bb4 (13... Bc7 14.
Rfc1 dxc4 15. bxc4 Rd8 16. Qc2 {Bae-Friedman, Troll Masters, Gausdal 2002,1/
2-1/2}) 14. Qe2 (14. Qc1 a5 15. a3 Bc5 16. f4 b5 17. cxb5 Qa7 18. Re1 cxb5 19.
b4 Bb6 20. Qd2 $11 {Pountzas-Goritsas, GRE ch tm, Achaia 2013,0-1}) 14... Bd7 (
14... Qg5 15. Rac1 Bd7 16. a3 Be7 17. cxd5 exd5 18. b4 a6 $16 {Buechle-Sautter,
BL2 women 2006,1/2-1/2}) 15. Rfd1 (15. a3 Bc5 16. b4 Bb6 17. Rfc1 $14 {Komodo10
}) 15... Be8 16. a3 Ba5 17. b4 Bb6 18. b5 Rc8 19. bxc6 bxc6 20. Bd4 Bc5 (20...
Bxd4 21. exd4 f4 $11) 21. a4 (21. Bxc5 Qxc5 22. Rdc1 d4 23. exd4 Qxd4 24. Rd1
Qc5 25. Rd6 $16) 21... Rb8 22. Rdb1 Bg6 23. cxd5 cxd5 24. Rb5 (24. Qa6 Bxd4 25.
exd4 f4 26. Rxb8 Rxb8 27. Bh3 Bf7 28. Rc1 $14 {Komodo10}) 24... Bxd4 25. exd4
Rfc8 (25... f4 $11) 26. Qb2 Qc7 27. Bf1 Be8 28. Rxb8 Rxb8 29. Rc1 (29. Qa3 Qc2
30. a5 Rb2 31. Qe3 Rb3 32. Qc1 Rb2 33. Qxc2 Rxc2 34. Rb1 Bc6 35. Rb8+ Kf7 36.
Kg2 $14 {Komodo10}) 29... Rxb2 (29... Qxe5 {seen by Wh} 30. Rc8 Rxb2 31. dxe5
Kf7 32. Rc7+ Kf8 33. Rxa7 Ra2 $11 {pm analysis & Komodo10}) 30. Rxc7 Bxa4 31.
Rxa7 Rb4 (31... Bc2 32. Ra8+ $11) (31... Rb4 32. Ba6 Rb6 (32... Rxd4 33. Bc8
Kf8 34. Bxe6 $16) 33. Bc8 Be8 34. Kg2 $11) 1/2-1/2

[Event "Dyfed Open"]
[Site "Fishguard"]
[Date "2017.02.24"]
[Round "1"]
[White "Allford, Zane"]
[Black "Brown, Thomas"]
[Result "0-1"]
[WhiteElo "1771"]
[BlackElo "2087"]
[Annotator "Rudy"]
[PlyCount "38"]
[EventDate "2017.02.24"]
[EventType "swiss"]
[EventRounds "5"]
[EventCountry "WLS"]

1. e4 c6 2. d4 d5 3. Nc3 dxe4 4. Nxe4 Bf5 5. Ng3 Bg6 6. h4 h6 7. Bc4 (7. Nf3 {
main}) 7... Nf6 (7... e6 8. N1e2 {main}) 8. h5 (8. N1e2 {main}) 8... Bh7 9. c3
(9. Nf3) 9... e6 10. Nf3 Nbd7 11. Qe2 Be7 12. Bd2 $146 (12. O-O) (12. Ne5)
12... O-O $15 13. Nh2 {an unusual manouvre in this kind of position} c5 14.
dxc5 Bxc5 $17 15. O-O-O $2 {the Q side is far too open, especially with that
raking B on h7} (15. O-O Qc7 $17) 15... Qc7 (15... Qa5 $19 {Komodo10}) (15...
Rc8 $19 {Komodo10}) 16. Bb3 (16. Bd3 Bxd3 17. Qxd3 Bxf2 $17) 16... a5 17. Ng4 (
17. Bc2) 17... Nxg4 18. Qxg4 Ne5 {homing in on d3} 19. Bf4 Nxg4 {Wh loses a
pawn & an exchange} 0-1

[Event "Dyfed Open"]
[Site "Fishguard"]
[Date "2017.02.24"]
[Round "1"]
[White "Heap, Gerry"]
[Black "Buttell, David"]
[Result "1-0"]
[WhiteElo "2072"]
[BlackElo "1748"]
[Annotator "Rudy"]
[PlyCount "69"]
[EventDate "2017.02.24"]
[EventType "swiss"]
[EventRounds "5"]
[EventCountry "WLS"]

1. c4 g6 2. Nc3 Bg7 3. g3 Nf6 4. Bg2 d6 5. Nf3 c6 6. d3 Na6 (6... O-O) 7. Rb1 {
early, but transposes back to other games} Nc7 8. O-O O-O 9. b4 a5 $146 (9...
d5 {main}) 10. b5 c5 (10... Bd7 $11) 11. Bd2 Nd7 (11... Bd7 $14) (11... b6 $11)
12. Qc1 (12. h4) 12... Nb6 13. Bh6 f6 14. h4 Be6 (14... Bxh6 15. Qxh6 Ne6 16.
Qc1 Ng7 17. Nd2 $14 {Komodo10}) 15. h5 Bxh6 (15... g5 16. Bxg7 Kxg7 17. Qe3 Kh8
18. Rfd1 Rg8 19. Nd2 Rb8 $14 {Komodo10}) 16. Qxh6 g5 17. Ne4 Kh8 $11 18. Nfd2
Rg8 19. f4 g4 (19... gxf4 20. Qxf4 Bg4 $15 21. Qe3 Bxh5 (21... Ne6) 22. Rf4 Bg4
23. Nf2 Bc8 24. Rh4 Rg7 $15 {Komodo10}) 20. f5 Bf7 21. Qf4 (21. Qe3 $5) 21...
d5 $6 {opening up the position just helps the more active Wh pieces} (21...
Bxh5 22. Kf2 Bf7 23. Rh1 Rg7 $14) (21... Na4 22. h6 Rc8 23. Rfc1 d5 24. b6 dxe4
25. bxc7 Rxc7 26. Nxe4 $16 (26. Bxe4 $16 {Komodo10})) 22. Nxc5 $18 dxc4 (22...
Ne8 23. h6 Nd6 24. e4 Rc8 25. Ne6 Bxe6 26. fxe6 dxe4 27. Nxe4 Nxe4 28. Bxe4 {
Komodo10}) 23. Nxc4 (23. dxc4 {even stronger, keeps Bl pices off d5}) 23...
Ncd5 24. Qd4 Nxc4 25. dxc4 Nb6 26. Qxd8 Raxd8 27. Nxb7 $18 Bxc4 (27... Rd2 28.
c5) 28. Nxd8 Rxd8 29. Rfd1 Rxd1+ 30. Rxd1 Bxe2 31. Re1 Bxb5 32. Rb1 Bc4 33.
Rxb6 Bxa2 34. h6 Kg8 35. Ra6 1-0

[Event "Dyfed Open"]
[Site "Fishguard"]
[Date "2017.02.24"]
[Round "1"]
[White "Jones, Martin C"]
[Black "Byway, Paul V"]
[Result "0-1"]
[WhiteElo "1733"]
[BlackElo "2054"]
[Annotator "Rudy"]
[PlyCount "68"]
[EventDate "2017.02.24"]
[EventType "swiss"]
[EventRounds "5"]
[EventCountry "WLS"]

1. d4 Nf6 2. Bg5 e6 3. e4 h6 4. Bxf6 Qxf6 5. Nf3 b6 (5... d6 {main}) 6. Nc3 Bb7
7. Bd3 g6 (7... Bb4 8. O-O {main}) 8. Nb5 {the N will need to retreat again} (
8. O-O) 8... Na6 (8... Qd8) 9. Qe2 Bg7 10. c3 O-O 11. O-O Qd8 12. Nd6 cxd6 13.
Bxa6 Qc8 $11 14. Bd3 (14. Bxb7 {deprives Bl of the 2 Bs}) 14... d5 15. e5 d6
16. a4 a5 17. Rfe1 Qc7 $11 18. h3 Bc6 19. Qc2 (19. exd6 Qxd6 20. Ne5 Be8 21. g3
$11 {Komodo10}) 19... Qd7 20. b3 dxe5 21. dxe5 $11 (21. Nxe5 $11 {feels better}
) 21... Qe7 22. Qe2 Rfc8 23. Nd4 Bd7 24. Rac1 Qg5 25. Qe3 (25. g3 h5 26. Bb5
Ra7 27. Bxd7 Rxd7 28. h4 $11 {Komodo10}) 25... Qxe3 26. Rxe3 Bf8 27. Re2 (27.
Bb5 {removes the 2 Bs, and the N can then sit on b5}) 27... Ba3 28. Rcc2 Bf8
29. g3 Rc5 30. c4 $6 {gives Bl targets down the c file & the d file , weakens
the bl squares & makes the wh B slightly bad} (30. Bb5 Bc8 31. f4 $11) 30...
Rd8 $17 31. Nf3 (31. Nb5 dxc4 32. Bxc4 Bc6 $17 {Komodo10}) 31... dxc4 32. Rxc4
(32. Bxc4 Bc6 33. Ne1 Rd1 34. Kh2 Bb7 $17 {Komodo10}) 32... Bc6 (32... Bxa4 $19
{Howard Williams & Komodo10}) 33. Be4 (33. Rxc5 Bxc5 34. Ne1 Bb4 35. Be4 Bxe4
36. Rxe4 Rd1 37. Kf1 Rb1 $19 {Komodo10}) 33... Rxc4 34. bxc4 Bxa4 $19 0-1

[Event "Dyfed Open"]
[Site "Fishguard"]
[Date "2017.02.24"]
[Round "1"]
[White "Hewitt, William"]
[Black "Philpin, Les"]
[Result "1-0"]
[WhiteElo "2033"]
[BlackElo "1719"]
[Annotator "Rudy"]
[PlyCount "59"]
[EventDate "2017.02.24"]
[EventType "swiss"]
[EventRounds "5"]
[EventCountry "WLS"]

1. e4 e6 2. d4 d5 3. Nc3 Nf6 4. e5 Nfd7 5. f4 c5 6. Nf3 Be7 7. Be3 Nc6 8. Qd2
a6 9. dxc5 Nxc5 10. O-O-O b5 {unusual to give up this B} (10... Qa5 11. Kb1)
11. Bd3 (11. Qf2 Nd7 12. Bd3 {main}) 11... Qa5 (11... O-O 12. Bxc5 Bxc5 13.
Bxh7+ Kh8 (13... Kxh7 14. Ng5+ $18 {Langrock-Gaede, JBLN GER 2000,1-0}) 14. Ng5
(14. Bd3 $16) 14... g6 (14... f6 $11) 15. h4 f6 16. Bxg6 $18 {Hoyos
Millan-Kossak, New York op 1990,1-0}) 12. Kb1 Bb7 (12... Bd7 13. Bxc5 Bxc5 14.
f5 {3 games}) (12... Nxd3 {Komodo10, not yet played}) 13. Qf2 (13. Nd4 Nxd4 14.
Bxd4 Qc7 15. Rhf1 O-O 16. g4 {Briscoe-Broomfield, Coulsdon Autumn 2007,1-0}) (
13. Bxc5 Bxc5 14. f5 {Cloud Engines}) 13... Nd7 (13... b4 14. Ne2 Nxd3 15. Rxd3
O-O $11 {Komodo10}) 14. Ne2 (14. Qg3 g6 15. h4 $14 {Komodo10}) 14... Nb4 15.
Nc1 Qc7 16. Nb3 (16. f5 $16 Nxe5 17. fxe6 fxe6 18. Nxe5 Qxe5 19. Bd4 Qg5 20.
Rhf1 Rf8 21. Qe2 Qh6 22. Be3 $16 {Komodo10}) 16... Rc8 $11 (16... O-O $11) 17.
Rc1 Bc6 18. Qg3 g6 19. h4 $16 a5 (19... h5) 20. h5 $18 a4 21. Nbd4 (21. hxg6 $1
axb3 (21... fxg6 22. Bxg6+) 22. Rxh7 Rxh7 23. gxh7 $18 {Komodo10}) 21... Nxd3
22. cxd3 Qb7 23. hxg6 fxg6 24. Nxe6 (24. f5 $1 {even stronger, Komodo10}) 24...
Kf7 (24... Nf8) 25. f5 $1 Rcg8 26. Nfg5+ (26. f6 $1) 26... Bxg5 27. Nxg5+ Ke8
28. e6 (28. f6) 28... Nf6 29. Qd6 (29. Nf7) 29... h6 30. Nf7 {mating} 1-0

[Event "Dyfed Open"]
[Site "Fishguard"]
[Date "2017.02.24"]
[Round "1"]
[White "Jones, Huw"]
[Black "Rodriguez, Juan Talavera"]
[Result "0-1"]
[WhiteElo "1707"]
[BlackElo "2007"]
[Annotator "Rudy"]
[PlyCount "68"]
[EventDate "2017.02.24"]
[EventType "swiss"]
[EventRounds "5"]
[EventCountry "WLS"]

1. d4 Nf6 2. Bg5 Ne4 3. Bf4 c5 4. d5 (4. f3) 4... d6 (4... Qb6 {main}) 5. f3
Nf6 (5... Qa5+) 6. e4 g6 7. Qd2 Bg7 8. Nc3 Qb6 {rare} (8... a6) (8... O-O) 9.
Bb5+ (9. Na4 Qc7 10. c4 h5 11. Bd3 Nbd7 {Gaspar-Solti, HUN ch tm 1999,1-0}) (9.
O-O-O {Cloud Engines}) 9... Bd7 10. Bxd7+ Nbxd7 11. Nge2 h6 12. Ng3 Qa6 13. Qe2
Qxe2+ 14. Ngxe2 $11 Nh5 15. Bd2 Ne5 16. f4 Nc4 17. g4 (17. Bc1 $11) 17... Nf6
$15 18. h3 Nxd2 (18... b5 $15 {Komodo10}) 19. Kxd2 $11 Nd7 20. a4 Rb8 21. Ra2 (
21. Raf1 $11) (21. a5 $11) 21... g5 $15 {gains the bl squares} 22. Rf1 h5 23.
fxg5 hxg4 24. hxg4 Ne5 $17 (24... Rh4 $17) 25. Nf4 Rh2+ 26. Nce2 Nxg4 (26...
Kd7 {lets the QR join in}) 27. c3 Kd7 28. Raa1 Rbh8 29. Rae1 R8h4 30. Kc1 Nf2
$19 31. Kb1 Nxe4 32. Kc1 Nxg5 33. Ng3 Be5 34. Nf5 Rxf4 0-1